Histoire de la vie et des voyages de L'amiral Christophe Colomb d'aprés des documents de l' époque et notamment suivant l' histoire véridique de l'amiral écrite par son fils don Fernando Colon / (Registro nro. 33322)
[ vista simple ]
| 000 -CABECERA | |
|---|---|
| campo de control de longitud fija | 00586nam a2200145 a 4500 |
| 001 - NÚMERO DE CONTROL | |
| campo de control | 000033831 |
| 005 - FECHA Y HORA DE LA ÚLTIMA TRANSACCIÓN | |
| campo de control | 20200930070544.0 |
| 008 - DATOS DE LONGITUD FIJA--INFORMACIÓN GENERAL | |
| campo de control de longitud fija | 110913s1894 fr 000 0 fre d |
| 040 ## - FUENTE DE LA CATALOGACIÓN | |
| Centro catalogador/agencia de origen | DO-SdBNP |
| Lengua de catalogación | spa |
| Centro/agencia transcriptor | BNPHU |
| 082 ## - NÚMERO DE LA CLASIFICACIÓN DECIMAL DEWEY | |
| Número de clasificación | xxx |
| Número de documento/Ítem | F778h |
| 100 1# - ENTRADA PRINCIPAL--NOMBRE DE PERSONA | |
| Nombre de persona | Fournier, A. |
| 9 (RLIN) | 59248 |
| 245 10 - MENCIÓN DE TÍTULO | |
| Título | Histoire de la vie et des voyages de L'amiral Christophe Colomb d'aprés des documents de l' époque et notamment suivant l' histoire véridique de l'amiral écrite par son fils don Fernando Colon / |
| Mención de responsabilidad, etc. | A. Fournier. |
| 260 ## - PUBLICACIÓN, DISTRIBUCIÓN, ETC. | |
| Lugar de publicación, distribución, etc. | Paris : |
| Nombre del editor, distribuidor, etc. | Libraire de Firmin-Didot Et Cie, |
| Fecha de publicación, distribución, etc. | 1894. |
| 300 ## - DESCRIPCIÓN FÍSICA | |
| Extensión | 735 p. ; |
| Dimensiones | 20 cm. |
| Estado de retiro | Estado de pérdida | Restricciones de uso | No para préstamo | Código de colección | Localización permanente | Ubicación/localización actual | Ubicación en estantería | Fecha de adquisición | Número de inventario | Total de préstamos | Signatura topográfica completa | Código de barras | Fecha visto por última vez | Precio válido a partir de | Tipo de ítem Koha |
|---|---|---|---|---|---|---|---|---|---|---|---|---|---|---|---|
| Excluido de préstamo | Raros y valiosos | General | General | En catalogación | 13.09.2011 | LF1 | xxx F778h | 33831-10 | 25.06.2020 | 25.06.2020 | No se presta |
